00748nam a2200169 a 450000100100000000500170001000800410002702000180006804000250008608200160011110000400012724501740016726001240034130000280046550000570049350400280055000004858320201002061244.0190401s2009 dr a r 000 0 spa d a9789945421705 aDO-SdBNPbspacBNPHU axxxxbB142h1 aBáez Rosario, Luis J. del,d1955-10aHistoria del municipio de San Francisco de Macorís, ley 176-07 del Distrito Nacional y los Municipios , Memorias de un Consultor Jurídico /cLuis Báez del Rosario. aSan Francisco de Macorís, República Dominicana, :bAyuntamiento del Municipio de San Francisco de Macorís,c2009. a315 p. :bil. ;c23 cm. aIncluye datos biográficos del autor en las solapas aBibliografía : p. 297